000 00524nam a22001697a 4500
999 _c60963
_d60963
005 20231130110345.0
008 231130s1994 ru ||||| |||| 00| 0 rus d
020 _a5857910110
041 _arus
080 _a61(091) Г-50
100 _aГиппократ
_920515
245 _aИзбранные книги /
_cГиппократ.
264 _aМосква:
_bСварог,
_c1994.
300 _a736 с.
_bил.
_c21 см.
653 _aჰიპოკრატეს რჩევები
942 _2udc
_cᲬᲘᲒᲜᲘ